| 000 | 01076nam a2200325 i 4500 | ||
|---|---|---|---|
| 003 | EG-ScBUE | ||
| 005 | 20230406102711.0 | ||
| 008 | 090315s2019 enka f d 001 0 eng d | ||
| 020 | _a9781350142763 | ||
| 040 |
_aEG-ScBUE _beng _erda _cEG-ScBUE _dEG-ScBUE |
||
| 082 | 0 | 4 |
_222 _a720.284 _bFAR |
| 100 | 1 |
_92035 _aFarrelly, Lorraine, _eauthor. |
|
| 245 | 1 | 0 |
_aRepresentational techniques for architecture / _cLorraine Farrelly, Nicola Crowson. |
| 250 | _aSecond edition. | ||
| 264 | 1 |
_aLondon ; _aNew York : _bBloomsbury Visual Arts, _c2019. |
|
| 300 |
_a175 pages : _bcolor illustrations ; _c23 cm. |
||
| 336 |
_2rdacontent _atext _btxt |
||
| 337 |
_2rdamedia _aunmediated _bn |
||
| 338 |
_2rdacarrier _avolume _bnc |
||
| 490 | 0 | _aBasics architecture | |
| 500 | _aIncludes glossary. | ||
| 500 | _aIncludes index. | ||
| 650 | 7 |
_aArchitectural drawing. _2BUEsh |
|
| 650 | 7 |
_aArchitectural design _xData processing. _2BUEsh |
|
| 651 | _2BUEsh | ||
| 653 |
_bART _cApril2023 |
||
| 655 |
_vReading book _934232 |
||
| 700 | 1 |
_aCrowson, Nicola, _eauthor. |
|
| 942 |
_2ddc _cBB |
||
| 999 |
_c30283 _d30254 |
||